000 00744nam a2200253 a 4500
001 BRCA_7959
005 20190320210054.0
008 100314s1973----mx-a###f##---#001-0#spa-#
041 _aspa
044 _amx
050 4 _aND1390
_b.G82
_c1973
100 1 _aGual, Enrique F.
_919722
245 1 0 _aLa pintura de ´cosas naturales´
_cEnrique F. Gual ; edición diseñada y cuidada por Felipe Garrido.
260 _aMéxico
_bSEP
_c1973
300 _a159 p.
_bil., 40 láminas
_c17 cm.
440 0 _aSepsetentas
_n100
_919723
500 _a3121
650 1 4 _aNaturaleza muerta
_vPintura
_919724
650 1 4 _aBodegón
_919725
650 1 4 _aPintura inanimada
_919726
700 1 _aGarrido, Felipe
_eed.
_919727
902 _aGFM
942 _2lcc
_cB
999 _c7628
_d7628